Song of Ice and Fire Characters by Quote Quiz Stats

 Plays Quiz not verified by Sporcle

Support Sporcle.
Go Orange.
Score 0/20 Timer 07:00
0 Plays Today
Quote Character % Correct
'...the man who passes the sentence should swing the sword.'Eddard Stark
99.1%
'Weese,' she would whisper, first of all. 'Dunsen, Chiswyck, Polliver, Raff the Sweetling. The Tickler and the Hound. Ser Gregor, Ser Armory, Ser Ilyn, Ser Meryn, King Joffrey...'Arya Stark
97.4%
'Never forget who you are, for surely the world won’t. Make it your strength. Then it can never be your weakness. Armor yourself in it, and it will never be used to hurt you.'Tyrion Lannister
92.2%
'First Lesson. Stick them with the pointy end.' Jon Snow
92%
When you play the game of thrones, you win or you die. There is no middle ground.'Cersei Lannister
89%
'You know nothing, Jon Snow'Ygritte
84.2%
“Please, I only meant . . . it would be ill luck, Your Grace . . . to, to kill a man on your name day.”Sansa Stark
80.8%
'I think it passing odd that I am loved by one for a kindness I never did, and reviled by so many for my finest act'Jaime Lannnister
80.6%
'Godless? Why, Aeron, I am the godliest man ever to raise sail! You serve one god, Damphair, but I have served ten thousand. From Ib to Asshai, when men see my sails, they pray.'Euron Greyjoy
78.8%
'Rhaegar fought valiantly, Rhaegar fought nobly, Rhaegar fought honorably. And Rhaegar died.'Jorah Mormont
77.7%
Quote Character % Correct
'I'm honest. It's the world that's awful. Now fly away little bird, I'm sick of you peeping at me.'Sandor Clegane
75.8%
'What is dead may never die, but rises again, harder and stronger.'Aeron Damphair
75.2%
'If the day comes when you would find me again, give that coin to any man from Braavos, and say these words to him--valar morghulis.”Jaqen H’ghar
74.6%
'Because it will not last. Because they are the knights of summer, and winter is coming.'Catelyn Stark
68%
'You tell him this, m'lord. You tell him he's bound on marching the wrong way. It's north he should be taking his swords. North, not south. You hear me?'Osha
51.7%
'There is no creature on earth half so terrifying as a truly just man.'Varys
51.6%
'Whatever you do, make certain your hands are clean.' Petyr Baelish
49.3%
'The dead are likely dull fellows, full of tedious complaints - 'the ground's too cold, my gravestone should be larger, why does HE get more worms than I do...''Dolorous Edd Tollett
42.8%
'Vengeance. Justice. Fire and Blood.'Doran Martell
40.8%
'There's nothing half so mortal as a grey goose feather'Theon Greyjoy
29%

You're not logged in!

Compare scores with friends on all Sporcle quizzes.
OR
Log In

From the Vault

That's Also a President's Name

by senordingdong

You probably haven't thought of these Presidents in this way before.
Remove Ads.
Support Sporcle.
Get the best of Sporcle when you Go Orange. This ad-free experience offers more features, more stats, and more fun while also helping to support Sporcle. Thank you for becoming a member.

Show Comments

Extras

Top Quizzes Today


Score Distribution

Your Account Isn't Verified!

In order to create a playlist on Sporcle, you need to verify the email address you used during registration. Go to your Sporcle Settings to finish the process.

Report this User

Report this user for behavior that violates our Community Guidelines.

Details: